000 00839nam a22002417a 4500
005 2008090307237.0
008 080903t xxu||||| |||| 00| 0 eng d
010 _aENG-90871
020 _a9788178803357
_c650.00
035 _aEN-74404
037 _bDBAD / PUB
040 _aDPL
_bEnglish
082 _a338.4791
100 _aChawla, Romila
245 _aTourism phenomenon /
_cby Romila Chawla
260 _aNew Delhi
_bRajat Publications
_c2008
270 _a4675/21, Ansari Raod, Darya Ganj,
_bNew Delhi
_e110002
300 _av, 269p.
_c23 cm (Hb)
500 _aIncludes index
650 _aTourism
942 _2ddc
_cEN
_mCHA
_h338.4791
999 _c15293
_d15293